000 01052cam a2200301 4500
001 1702834
005 19850703000000.0
008 680301s1968 nyu b 000 0 eng
010 _a 68013069
040 _aDLC
_cDLC
_dDLC
041 1 _aengfre
043 _ad------
050 0 0 _aHC59.7
_b.J35 1968
082 0 0 _a338.91/172/4
100 1 _aJalée, Pierre.
240 1 0 _aPillage du tiers monde.
_lEnglish
245 1 4 _aThe pillage of the third world.
_cTranslated from the French by Mary Klopper.
260 _aNew York,
_bM[onthly] R[eview] Press
_c[1968]
300 _axi, 115 p.
_c22 cm.
500 _aTranslation of Le pillage du tiers monde.
504 _aBibliographical footnotes.
650 0 _aImperialism.
650 0 _aInternational economic relations.
651 0 _aDeveloping countries
_xEconomic conditions.
906 _a7
_bcbc
_corignew
_du
_encip
_f19
_gy-gencatlg
942 _2lcc
_cBK
999 _c39906
_d39906